Music Quiz

Random Music Quiz

5SOS 'Permanent Vacation' Lyrics Quiz Stats

 Plays Quiz not verified by Sporcle

Score 0/211 Timer 12:00
0 Plays Today
Answer % Correct
and
98.6%
and
98.6%
the
98.6%
and
98.6%
a
98.6%
And
98.6%
the
98.6%
the
98.6%
and
98.6%
and
98.6%
the
98.6%
the
98.6%
the
98.6%
the
98.6%
the
98.6%
the
98.6%
and
98.6%
I
98.4%
I
98.4%
I
98.4%
I
98.4%
I
98.4%
I
98.4%
I
98.4%
I
98.4%
I
98.4%
I'm
97%
I'm
97%
I'm
97%
I'm
97%
I'm
97%
I'm
97%
I'm
97%
say
96.2%
say
96.2%
say
96.2%
say
96.2%
You
96.1%
you
96.1%
you
96.1%
to
94.6%
that
93.6%
that
93.6%
we
92.7%
complicated
92.4%
too
91.9%
over
91%
over
91%
an
89.3%
all
88.5%
all
88.5%
all
88.5%
up
88.2%
is
87.6%
permanent
87.6%
vacation
87.6%
permanent
87.6%
vacation
87.6%
permanent
87.6%
vacation
87.6%
permanent
87.6%
vacation
87.6%
permanent
87.6%
vacation
87.6%
fall
87.5%
so
87.2%
so
87.2%
so
87.2%
so
87.2%
so
87.2%
down
86.6%
Answer % Correct
hung
86.3%
mis-educated
86.3%
of
86.3%
of
86.3%
of
86.3%
of
86.3%
of
86.3%
of
86.3%
overrated
85.6%
destination
84.3%
destination
84.3%
destination
84.3%
destination
84.3%
destination
84.3%
9
84%
5
83.8%
no
83.3%
no
83.3%
me
82.3%
out
80.2%
out
80.2%
out
80.2%
out
80.2%
know
80.1%
know
80.1%
know
80.1%
need
80%
need
80%
Hey
79.9%
hey
79.9%
some
79.3%
some
79.3%
kind
79.2%
kind
79.2%
doing
79.1%
doing
79.1%
medication
78.9%
medication
78.9%
motivation
78.5%
motivation
78.5%
fine
78.5%
fine
78.5%
Frustration
78.2%
Frustration
78.2%
can't
77.9%
can't
77.9%
can't
77.9%
one
77.9%
one
77.9%
more
77.7%
more
77.7%
time
77.5%
time
77.5%
this
76.9%
this
76.9%
sing
76.4%
sing
76.4%
desperation
76.2%
desperation
76.2%
we're
75.8%
we're
75.8%
we're
75.8%
we're
75.8%
we're
75.8%
it
75.6%
it
75.6%
my
75.5%
my
75.5%
my
75.5%
lets
75.5%
line
74.9%
Answer % Correct
line
74.9%
Situation
74.8%
Situation
74.8%
mind
73.9%
numb
73.8%
voice
73.5%
voice
73.5%
cause
73.4%
cause
73.4%
keeps
73.3%
heart
73.3%
keeps
73.3%
goes
73.2%
goes
73.2%
sleep
71.5%
racing
71%
hurts
71%
well
70.8%
under
70.7%
proud
70.6%
proud
70.6%
breaking
70.5%
stop
70.4%
chest
70.3%
shaking
70.2%
your
69.1%
your
69.1%
radio
68.2%
radio
68.2%
new
67.6%
generation
67.6%
new
67.6%
generation
67.6%
they
67.4%
stations
66.1%
stations
66.1%
taking
64.9%
taking
64.9%
going
64.7%
in
64.7%
think
64.5%
congratulations
64.5%
speaker
63.2%
just
63%
make
62.8%
believer
62.4%
coming
61.6%
through
61.6%
number
61.6%
another
61.1%
under-achiever
60.8%
are
60.7%
are
60.7%
now
60.5%
Voices
60.4%
get
59.7%
right
58.7%
calculations
58.4%
calculations
58.4%
systems
58.2%
gutter
58.2%
Watch
57.9%
imitations
57.7%
imitations
57.7%
corporations
52.5%
corporations
52.5%
you're
52.4%
I'll
18%
congratualtions
3.4%

You're not logged in!

Compare scores with friends on all Sporcle quizzes.
OR
Log In

You Might Also Like...

Show Comments

Extras

Created Oct 25, 2015ReportNominate
Tags:5 Seconds of Summer, 5sos

Top Quizzes Today


Score Distribution

Your Account Isn't Verified!

In order to create a playlist on Sporcle, you need to verify the email address you used during registration. Go to your Sporcle Settings to finish the process.

Report this User

Report this user for behavior that violates our Community Guidelines.

Details: